LEADER 02423njm a2200601 a 4500
001 000535389
003 CZ BrMZK
005 20210411081430.0
008 010907s2000 xr f cze d
028 0 3 |a CRO170-2-131  |b Radioservis 
040 |a BOA001  |b cze 
080 |a 787.2.087.2(086.7)  |2 MRF 
080 |a 787.1.087.2(086.7)  |2 MRF 
100 1 |a Bukač, Vladimír,  |d 1964-  |7 jn19990209095  |4 prf 
245 1 0 |a Rendez-vous en deux  |h [zvukový záznam] /  |c Vladimír Bukač, Jaromír Klepáč. 
246 3 3 |a Klid lesa, op. 68 
246 3 3 |a Let čmeláka 
246 3 3 |a Meditace z opry Thais 
246 3 3 |a Melodie Opus 42, č. 3 
246 3 3 |a Pavana 
246 3 3 |a Preludium, Allegro ve stylu C 
246 3 3 |a Probuzení ze sna 
246 3 3 |a Rondo G-dur ze Serenády pro smyčce 
246 3 3 |a Scherzo-Tarantela 
246 3 3 |a Svit měsíce 
246 3 3 |a Andante a Rondo Ungarese Opus 35 
246 3 3 |a Capriccio pro violu solo č. 9 Opus Posth 
260 |a Praha :  |b Radioservis,  |c p2000 
300 |a 1 CD :  |b DDD, stereo ;  |c 12 cm +  |e 1 složený list. 
306 |a 005627 
500 |a Durata 56:27 
500 |a Text v doprovod. mater. vícejaz. 
500 |a Nahr. 2000 
505 0 |a Preludium, Allegro, Rondo G dur ze Serenády pro smyččce, Meditace z opery Thais. 
653 0 |a housle  |a viola 
700 1 |a Wieniawski, Henryk,  |d 1835-1880  |7 jn19990009117  |4 cmp 
700 1 |a Čajkovskij, Petr Il‘jič,  |d 1840-1893  |7 jn19981002507  |4 cmp 
700 1 |a Klepáč, Jaromír,  |d 1961-  |7 xx0022160  |4 prf 
700 1 |a Debussy, Claude,  |d 1862-1918  |7 jn19990001672  |4 cmp 
700 1 |a Dvořák, Antonín,  |d 1841-1904  |7 jn19981000826  |4 cmp 
700 1 |a Fauré, Gabriel,  |d 1845-1924  |7 jn19990002188  |4 cmp 
700 1 |a Kreisler, Fritz,  |d 1875-1962  |7 jn19990004647  |4 cmp 
700 1 |a Massenet, Jules,  |d 1842-1912  |7 jn19990005468  |4 cmp 
700 1 |a Mozart, Wolfgang Amadeus,  |d 1756-1791  |7 jn19990005867  |4 cmp 
700 1 |a Ravel, Maurice,  |d 1875-1937  |7 jn19990006862  |4 cmp 
700 1 |a Rimskij-Korsakov, Nikolaj Andrejevič,  |d 1844-1908  |7 jn19990210526  |4 cmp 
700 1 |a Vieuxtemps, Henri,  |d 1820-1881  |7 mzk2002166413  |4 cmp 
700 1 |a Weber, Carl Maria von,  |d 1786-1826  |7 jn19990008955  |4 cmp 
910 |a BOA001  |b CD-0008.999 
964 |a Housle a klavír  |x CD 
964 |a Viola a klavír  |x CD 
990 |a AV 
996 6 |b 261H009688  |c CD-0008.999  |l MZK  |r Sklad / do 24 hodin  |n 0  |p p.v.  |w 000535389  |u 000010  |a 1  |e BOA001  |j MZK50  |s P